[Event "Miedzynarodowy Memorial Ireny Warakomskiej (Turniej Blitza)"]
[Site "Suwalki"]
[Date "2017-08-16"]
[Round "5.20"]
[White "Mykhaylyak, Wiktoria "]
[Black "Grabowski, Adam"]
[Result "0-1"]
[WhiteTitle ""]
[BlackTitle ""]
[WhiteElo "1420"]
[BlackElo "1951"]

1. d4 Nf6 2. Nf3 d5 3. c4 e6 4. Nc3 c6 5. Bg5 Nbd7 6. e3 Be7 7. Be2 O-O 8. O-O
b6 9. a3 Bb7 10. b4 c5 11. dxc5 bxc5 12. b5 Nb6 13. cxd5 exd5 14. Qc2 h6 15. Bf4
Bd6 16. Bxd6 Qxd6 17. a4 Rfe8 18. a5 Nbd7 19. a6 Bc8 20. Rad1 Nb6 21. Rd2 g6 22.
Rfd1 Bf5 23. Qb2 Qe6 24. Bd3 Rad8 25. Bxf5 Qxf5 26. Ne2 Nc4 27. Qc2 Nxd2 28. Qxf5
gxf5 29. Rxd2 Rb8 30. Nc3 Ne4 31. Nxe4 fxe4 32. Nh4 Rxb5 33. h3 Re5 34. Kh2 c4
35. Rc2 Ra5 36. g4 Rxa6 37. Ng2 Rb6 38. Nf4 a5 39. Ne2 a4 40. Nd4 a3 41. Ra2 Ra6
42. Nc2 Re8 43. Nb4 Ra5 44. Nc6 Rea8 45. Nxa5 Rxa5 46. Kg3 c3 47. Kf4 c2 48. Rxc2
a2 49. Rc8+ Kg7 50. h4 a1=Q 51. g5 Ra2 52. gxh6+ Kxh6 53. Rc6+ Kg7 54. Kg5 Qg1+
55. Kf5 Rxf2+ 56. Ke5 Qg3+ 57. Kxd5 Rf5+ 58. Kd4 Qe5+ 59. Kc4 Qd5+ 60. Kc3 Qxc6+
61. Kd2 Rf2+ 0-1

[Event "Miedzynarodowy Memorial Ireny Warakomskiej (Turniej Blitza)"]
[Site "Suwalki"]
[Date "2017-08-16"]
[Round "5.21"]
[White "Plichta, Krzysztof "]
[Black "Medvedyk, Volodymyr"]
[Result "0-1"]
[WhiteTitle ""]
[BlackTitle ""]
[WhiteElo "1315"]
[BlackElo "1950"]

1. e4 c5 2. Nc3 d6 3. f4 g6 4. Nf3 Bg7 5. Bb5+ Bd7 6. Bxd7+ Qxd7 7. O-O Nc6 8.
d3 e6 9. Qe1 Nge7 10. Qh4 d5 11. exd5 exd5 12. Ne5 Nxe5 13. fxe5 O-O 14. Bh6 Nf5
15. Rxf5 Qxf5 16. Nxd5 Qxe5 17. Ne7+ Kh8 18. Rf1 Bxh6 19. Qxh6 Qxe7 20. h3 Rae8
21. Rf4 Qe1+ 22. Kh2 Qe5 23. Kg1 Qg7 24. Qg5 Re1+ 25. Kh2 Qe5 26. Qh6 Re8 27.
c3 Rf1 28. Kg3 Qxf4+ 29. Qxf4 Rxf4 30. Kxf4 Re2 31. g4 Rxb2 32. d4 cxd4 33. cxd4
Rxa2 34. d5 f6 35. g5 fxg5+ 36. Kxg5 Rd2 37. Kf6 Rxd5 38. h4 Rf5+ 39. Ke6 a5 40.
h5 Rxh5 41. Kd6 a4 42. Kc7 a3 43. Kb6 a2 0-1

[Event "Miedzynarodowy Memorial Ireny Warakomskiej (Turniej Blitza)"]
[Site "Suwalki"]
[Date "2017-08-16"]
[Round "6.1"]
[White "Bilguun, Sumiya"]
[Black "Stoma, Pawel "]
[Result "1-0"]
[WhiteTitle ""]
[BlackTitle ""]
[WhiteElo "2527"]
[BlackElo "2341"]

1. e4 c6 2. Nf3 d5 3. Nc3 Bg4 4. h3 Bxf3 5. Qxf3 e6 6. g4 Bb4 7. Bg2 Nf6 8. e5
Nfd7 9. Qf4 c5 10. Nb5 O-O 11. a3 Ba5 12. b4 Bc7 13. Nxc7 Qxc7 14. bxc5 Qxc5 15.
O-O Qxc2 16. d4 Nc6 17. Be3 Nb6 18. Rfc1 Qg6 19. Bf1 f5 20. Bd3 Rac8 21. Kh2 Ne7
22. Rg1 Qf7 23. Rac1 fxg4 24. Qxg4 Kh8 25. Rxc8 Rxc8 26. Rg3 Rf8 27. Kg2 Nc4 28.
Qe2 Nxe3+ 29. Rxe3 Nf5 30. Bxf5 Qxf5 31. Rc3 Qg5+ 32. Qg4 Qd2 33. Rf3 Rxf3 34.
Qxf3 Kg8 35. Qg4 Kf7 36. Qh5+ Kf8 37. Qf3+ Ke7 38. Qg4 Qh6 39. Kf1 Qg6 40. Qd1
Qe4 41. Qd2 Qh1+ 42. Ke2 Kf7 43. Qb4 Qe4+ 44. Kd2 b6 45. Qc3 Qf4+ 46. Ke2 Qe4+
47. Kd2 h6 48. f3 Qf4+ 49. Ke2 Qh2+ 50. Ke3 Kg6 51. Qc6 Qxh3 52. Qe8+ Kh7 53.
Qf7 Qf5 54. Qxa7 h5 55. Qxb6 h4 56. Qb2 h3 57. Qh2 Qg5+ 58. f4 Qg4 59. a4 Kg6
60. a5 Qd1 61. Qg3+ Kf7 62. a6 Qb3+ 63. Kf2 Qa2+ 64. Kg1 Qa1+ 65. Kh2 Qxd4 66.
Kxh3 Qa4 67. Qd3 d4 68. Kg4 Qa2 69. Kf3 Qa4 70. Ke2 Ke7 71. Kd2 Kf7 72. Ke2 Ke7
73. Kf3 Kf7 74. Ke4 Ke7 75. Kf3 Kf7 76. Kg4 Ke7 77. Kg5 Kf8 78. Kg4 Kf7 79. Kh4
Ke7 80. Kg5 Kf8 81. Kg6 Qe8+ 82. Kg5 Qa4 83. Kg4 Kf7 84. Kf3 Ke7 85. Qg6 Qa3+
86. Kg4 Qxa6 87. Qxg7+ Ke8 88. Qg8+ Ke7 89. Qb8 Qe2+ 90. Kg3 d3 91. Qd6+ Kf7 92.
Qd7+ Kf8 93. Qd8+ Kf7 94. Qf6+ Ke8 95. Qxe6+ Kf8 96. Qd6+ Kg8 97. Qg6+ Kh8 98.
Qf6+ Kg8 99. e6 d2 100. Qf7+ Kh8 101. e7 d1=Q 102. e8=Q+ Qxe8 103. Qxe8+ Kg7 104.
Qe5+ Kf8 105. Kh4 Qg1 106. Qf6+ Ke8 107. Kh5 Kd7 108. Qf5+ Kc6 109. Qe5 Kb6 110.
f5 Qh1+ 111. Kg6 Qg2+ 112. Kf7 Ka7 113. f6 Ka8 114. Kf8 Qf3 115. f7 1-0

[Event "Miedzynarodowy Memorial Ireny Warakomskiej (Turniej Blitza)"]
[Site "Suwalki"]
[Date "2017-08-16"]
[Round "6.2"]
[White "Lewtak, Damian "]
[Black "Kulon, Klaudia "]
[Result "1-0"]
[WhiteTitle ""]
[BlackTitle ""]
[WhiteElo "2275"]
[BlackElo "2331"]

1. e4 e5 2. Nf3 Nc6 3. Bb5 a6 4. Bxc6 dxc6 5. O-O f6 6. d4 exd4 7. Nxd4 c5 8. Nb3
Qxd1 9. Rxd1 Bg4 10. f3 Be6 11. Be3 c4 12. Na5 b6 13. Nc6 Ne7 14. Nxe7 Bxe7 15.
Nc3 Kf7 16. Ne2 Rhd8 17. Kf2 Bd7 18. Rd2 Ba4 19. Rad1 Rxd2 20. Rxd2 Rd8 21. Rxd8
Bxd8 22. c3 Be7 23. h4 Bc2 24. Ke1 b5 25. Kd2 Bb1 26. a3 Bd6 27. Bf4 Be5 28. Bxe5
fxe5 29. Ke3 c5 30. f4 Ke6 31. Ng1 a5 32. Nf3 exf4+ 33. Kxf4 h6 34. g4 Bd3 35.
g5 Be2 36. gxh6 gxh6 37. Ne1 Bd1 38. Ng2 h5 39. Ne3 Be2 40. e5 Bd3 41. Nd1 Kd5
42. Nf2 Bc2 43. Nh3 Bd3 44. Ng5 Be2 45. Kf5 Bg4+ 46. Kf6 b4 47. Nf7 Ke4 48. e6
Bxe6 49. Kxe6 Kd3 1-0

[Event "Miedzynarodowy Memorial Ireny Warakomskiej (Turniej Blitza)"]
[Site "Suwalki"]
[Date "2017-08-16"]
[Round "6.3"]
[White "Murawko, Katarzyna "]
[Black "Bednarek, Sylwester"]
[Result "0-1"]
[WhiteTitle ""]
[BlackTitle ""]
[WhiteElo "1963"]
[BlackElo "2283"]

1. e4 e6 2. d4 d5 3. Nc3 Bb4 4. e5 c5 5. a3 Bxc3+ 6. bxc3 Qa5 7. Bd2 Qa4 8. Nf3
Ne7 9. Bd3 b6 10. O-O Ba6 11. Bg5 Bxd3 12. cxd3 Qxd1 13. Rfxd1 Nec6 14. dxc5 bxc5
15. d4 c4 16. Rab1 Nd7 17. Rb5 f6 18. exf6 gxf6 19. Bf4 Nb6 20. Re1 Kf7 21. Bd6
Rhe8 22. Bc5 Rab8 23. Bxb6 Rxb6 24. a4 Reb8 25. Reb1 Na5 26. Nd2 Ke7 27. R1b4
Nc6 28. Rb1 Kd7 29. Kf1 Kc7 30. Ke2 Ra6 31. Rxb8 Nxb8 32. Ra1 Nc6 33. Ke3 e5 34.
Nf3 Kd6 35. Nh4 Na5 36. g4 Nb3 37. Ra3 exd4+ 38. cxd4 Rc6 39. Nf5+ Ke6 40. Ng3
Na5 41. Ne2 Rb6 42. Kf4 Rb2 43. Re3+ Kd6 44. Kf3 Nb3 45. h4 Rd2 46. g5 fxg5 47.
hxg5 Nxd4+ 48. Nxd4 Rxd4 49. Kg3 Re4 50. Rc3 Kc5 51. f4 d4 52. Rc1 d3 53. Kf3
Rd4 54. f5 d2 55. Rd1 c3 56. f6 c2 0-1

[Event "Miedzynarodowy Memorial Ireny Warakomskiej (Turniej Blitza)"]
[Site "Suwalki"]
[Date "2017-08-16"]
[Round "6.4"]
[White "Grabowski, Adam"]
[Black "Zochowski, Kacper"]
[Result "0-1"]
[WhiteTitle ""]
[BlackTitle ""]
[WhiteElo "1951"]
[BlackElo "2263"]

1. Nf3 g6 2. d4 f5 3. c4 Bg7 4. Nc3 Nf6 5. g3 O-O 6. Bg2 d6 7. O-O Qe8 8. Re1 Qf7
9. Ng5 Qxc4 10. e4 fxe4 11. Ngxe4 Nxe4 12. Rxe4 Qf7 13. Qe2 e6 14. Bh3 Nc6 15.
Rf4 Qe7 16. Rxf8+ Bxf8 17. d5 exd5 18. Qxe7 Nxe7 19. Bxc8 Rxc8 20. Bg5 c6 21.
Re1 Kf7 22. Re3 Nf5 23. Rf3 Be7 24. Bd2 Ke6 25. g4 Nd4 26. Re3+ Kd7 27. Re1 Nf3+
0-1

[Event "Miedzynarodowy Memorial Ireny Warakomskiej (Turniej Blitza)"]
[Site "Suwalki"]
[Date "2017-08-16"]
[Round "6.5"]
[White "Cukrowski, Filip "]
[Black "Jaroch, Karol"]
[Result "1/2-1/2"]
[WhiteTitle ""]
[BlackTitle ""]
[WhiteElo "2180"]
[BlackElo "2250"]

1. e4 e6 2. d4 d5 3. exd5 exd5 4. Bd3 Nc6 5. c3 Bd6 6. Ne2 Nge7 7. O-O Bg4 8. f3
Bh5 9. Bf4 Qd7 10. Bxd6 Qxd6 11. Qe1 Bg6 12. Bxg6 hxg6 13. Qg3 Qd7 14. Nd2 Nf5
15. Qf2 O-O-O 16. Ng3 Qd6 17. f4 Nce7 18. Rae1 Nxg3 19. Qxg3 Nf5 20. Qf2 Rh6 21.
g4 Ne7 22. Nf3 f6 23. Qg3 Rdh8 24. f5 Qxg3+ 25. hxg3 Rh1+ 26. Kg2 Rxf1 27. Kxf1
Rh1+ 28. Ng1 Kd7 29. Kg2 Rh6 30. g5 fxg5 31. fxg6 g4 32. Ne2 Rxg6 33. Nf4 Rg5
34. Ne6 Rf5 35. Nc5+ Ke8 36. Nxb7 Rf3 37. Nc5 Kd8 38. Ne6+ Kd7 39. Nc5+ Kd8 40.
Ne6+ Kd7 41. Nxg7 Rd3 42. Re2 a5 43. Nh5 Nf5 44. Nf6+ Kd6 45. Rf2 Rxg3+ 46. Kf1
Ne3+ 47. Ke2 Nc4 48. b3 Re3+ 49. Kd1 g3 50. Rg2 Nb6 51. Kd2 Rf3 52. Ng4 a4 53.
Ne3 axb3 54. axb3 c5 55. Rxg3 Rf6 56. dxc5+ Kxc5 57. Kd3 Re6 58. Rg5 Kc6 59. c4
dxc4+ 60. bxc4 Rd6+ 61. Kc3 Re6 62. Kd3 Rd6+ 63. Ke4 1/2-1/2

[Event "Miedzynarodowy Memorial Ireny Warakomskiej (Turniej Blitza)"]
[Site "Suwalki"]
[Date "2017-08-16"]
[Round "6.6"]
[White "Golek, Jagoda"]
[Black "Paszewski, Mateusz "]
[Result "1-0"]
[WhiteTitle ""]
[BlackTitle ""]
[WhiteElo "2151"]
[BlackElo "2233"]

1. e4 c5 2. Nf3 g6 3. c4 Bg7 4. Nc3 Nc6 5. d3 d6 6. Be3 Nd4 7. Be2 e6 8. O-O Ne7
9. Rb1 Nec6 10. a3 O-O 11. Qd2 a5 12. Bd1 Bd7 13. Nb5 Nxb5 14. cxb5 Nd4 15. a4
e5 16. Nxd4 cxd4 17. Bh6 Be6 18. Bxg7 Kxg7 19. f4 f6 20. f5 Bf7 21. g4 g5 22.
h4 h6 23. Kg2 d5 24. Bf3 dxe4 25. Bxe4 Bd5 26. Qe2 Rc8 27. Rbc1 Qd6 28. Qf3 Bxe4
29. Qxe4 Rxc1 30. Rxc1 Qb4 31. Qxb7+ Rf7 32. Rc7 Qd2+ 33. Kg1 Qd1+ 34. Kf2 Qd2+
35. Kg1 Qe1+ 36. Kg2 Qe2+ 37. Kg1 Qxg4+ 38. Kf1 Qd1+ 39. Kg2 Qe2+ 40. Kg1 Qe3+
41. Kg2 Qe2+ 42. Kg1 Qg4+ 43. Kf1 Qd1+ 44. Kg2 Qd2+ 45. Kf1 Qxd3+ 46. Kg2 Qe2+
47. Kg1 Qg4+ 48. Kf2 Qxf5+ 49. Kg1 Qb1+ 50. Kg2 Qxb2+ 51. Kg1 Qb1+ 52. Kg2 Rxc7
53. Qxc7+ Kg6 54. b6 d3 55. b7 d2 56. b8=Q Qxb8 57. Qxb8 d1=Q 58. Qg8+ Kf5 59.
Qc8+ Kf4 60. Qc4+ Qd4 61. Qf1+ Kg4 62. Qf3+ Kxh4 63. Qh3# 1-0

[Event "Miedzynarodowy Memorial Ireny Warakomskiej (Turniej Blitza)"]
[Site "Suwalki"]
[Date "2017-08-16"]
[Round "6.7"]
[White "Suliborski, Jakub"]
[Black "Ostrowski, Robert"]
[Result "1-0"]
[WhiteTitle ""]
[BlackTitle ""]
[WhiteElo "2222"]
[BlackElo "2028"]

1. e4 c5 2. Nf3 d6 3. d4 cxd4 4. Nxd4 Nf6 5. Nc3 a6 6. h3 e5 7. Nde2 Be7 8. g4
Be6 9. Bg2 O-O 10. O-O Nbd7 11. Ng3 b5 12. a4 b4 13. Nd5 Bxd5 14. exd5 a5 15.
Nf5 Nb6 16. g5 Nfd7 17. Qg4 f6 18. g6 h6 19. Bxh6 gxh6 20. Nxh6+ Kg7 21. Nf5+
Kg8 22. Qh5 Rf7 23. Nh6+ Kg7 24. Nxf7 f5 25. Nxd8 Rxd8 26. Qh7+ Kf6 27. Qf7+ 1-0

[Event "Miedzynarodowy Memorial Ireny Warakomskiej (Turniej Blitza)"]
[Site "Suwalki"]
[Date "2017-08-16"]
[Round "6.8"]
[White "Bogdanov, Ignat"]
[Black "Jakubowska, Anna "]
[Result "1/2-1/2"]
[WhiteTitle ""]
[BlackTitle ""]
[WhiteElo "2092"]
[BlackElo "2186"]

1. d4 d5 2. c4 c6 3. Nc3 Nf6 4. Nf3 e6 5. Bg5 h6 6. Bxf6 Qxf6 7. e3 g6 8. Be2 Bg7
9. O-O O-O 10. Rc1 Nd7 11. Qd2 dxc4 12. Bxc4 e5 13. dxe5 Nxe5 14. Nxe5 Qxe5 15.
Rfd1 Bg4 16. Be2 Bxe2 17. Qxe2 Rad8 18. g3 h5 19. h4 Qe6 20. Qc2 Bf6 21. b3 Rxd1+
22. Rxd1 Rd8 23. Rxd8+ Bxd8 24. Qd3 Bc7 25. Ne4 b6 26. Ng5 Qe7 27. Kg2 Be5 28.
Nf3 Bf6 29. Nd2 Qa3 30. Ne4 Kg7 31. Qc4 Qxa2 32. Nd6 Qb2 33. Qxf7+ Kh6 34. Ne8
Be5 35. Qf8+ Kh7 36. Qe7+ Kh6 37. Qf8+ Kh7 38. Qf7+ Kh6 39. Qf8+ Kh7 40. Qf7+
Kh6 41. Qf8+ Kh7 42. Qe7+ Kh6 43. Qg5+ Kh7 44. Qe7+ Kh6 45. Qf8+ 1/2-1/2

[Event "Miedzynarodowy Memorial Ireny Warakomskiej (Turniej Blitza)"]
[Site "Suwalki"]
[Date "2017-08-16"]
[Round "6.9"]
[White "Ocytko, Andrzej"]
[Black "Kaczmarek, Arkadiusz "]
[Result "0-1"]
[WhiteTitle ""]
[BlackTitle ""]
[WhiteElo "2113"]
[BlackElo "2185"]

1. d4 d5 2. Nf3 Nf6 3. Bf4 c5 4. e3 Nc6 5. c3 Qb6 6. Qb3 c4 7. Qc2 Bf5 8. Qc1 e6
9. Nbd2 Be7 10. Be2 O-O 11. O-O h6 12. h3 Rfc8 13. Ne5 Qd8 14. Re1 b5 15. Nxc6
Rxc6 16. Nf3 a5 17. Ne5 Rb6 18. f3 b4 19. e4 Bh7 20. exd5 exd5 21. Qe3 Ra7 22.
Ng4 bxc3 23. bxc3 a4 24. Be5 Nd7 25. Qf2 h5 26. Ne3 Nxe5 27. dxe5 d4 28. cxd4
Qxd4 29. Nxc4 Bc5 30. Qxd4 Bxd4+ 31. Kf1 Rb4 32. Rad1 Rd7 33. Rd2 Rb8 34. Red1
Rbd8 35. f4 Bf5 36. Bxh5 Bc3 37. Rxd7 Rxd7 38. Rxd7 Bxd7 39. Bd1 Bb5 40. Be2 Bd4
41. Bd3 Kf8 42. Ke2 Bc6 43. g3 Ke7 44. Nd2 Bd5 45. Bc4 Bg2 46. h4 g6 47. Bb5 a3
48. Bc4 Bc6 49. Bb3 Bb7 50. Nc4 Bc5 51. Ne3 Be4 52. Bd5 Bb1 53. Bb3 Be4 54. Bd5
Bb1 55. Bc4 Be4 56. Nd5+ Kf8 57. Nc3 Bc6 58. Nb5 Ke7 59. Nc3 Bd4 60. Nd1 Be4 61.
Ne3 Bc5 62. Nd5+ Kf8 63. Nf6 Bc6 64. Bd5 Bb5+ 65. Kf3 Ke7 66. g4 Ba4 67. Ne4 Bd1+
68. Kg3 Bb6 69. h5 gxh5 70. gxh5 Bxh5 71. f5 Bd1 72. f6+ Kf8 73. Nd6 Be3 74. Bxf7
Bd4 75. Bc4 Bxe5+ 76. Kg4 0-1

[Event "Miedzynarodowy Memorial Ireny Warakomskiej (Turniej Blitza)"]
[Site "Suwalki"]
[Date "2017-08-16"]
[Round "6.10"]
[White "Chinguun, Sumiya "]
[Black "Sliwicki, Damian "]
[Result "0-1"]
[WhiteTitle ""]
[BlackTitle ""]
[WhiteElo "2139"]
[BlackElo "2175"]

1. e4 c5 2. Nf3 Nc6 3. d4 cxd4 4. Nxd4 g6 5. Nc3 Bg7 6. Be3 Nf6 7. Be2 O-O 8. O-O
d5 9. Nxc6 bxc6 10. e5 Nd7 11. f4 e6 12. Na4 Qa5 13. c3 Ba6 14. Bxa6 Qxa6 15.
Nc5 Nxc5 16. Bxc5 Rfb8 17. b4 Bf8 18. Bxf8 Kxf8 19. Qd4 Rc8 20. Qc5+ Kg8 21. a4
Qd3 22. Rf3 Qc2 23. h3 a5 24. bxa5 Ra6 25. Rf2 Qe4 26. Qb4 Qe3 27. Qb7 Rca8 28.
Ra3 Qc1+ 29. Kh2 Qxa3 30. Rb2 Qxc3 31. Rb6 0-1

[Event "Miedzynarodowy Memorial Ireny Warakomskiej (Turniej Blitza)"]
[Site "Suwalki"]
[Date "2017-08-16"]
[Round "6.11"]
[White "Medvedyk, Volodymyr"]
[Black "Smolka, Marcin "]
[Result "1/2-1/2"]
[WhiteTitle ""]
[BlackTitle ""]
[WhiteElo "1950"]
[BlackElo "2161"]

1. c4 e5 2. g3 g6 3. Bg2 Bg7 4. Nc3 Ne7 5. d3 c5 6. Nf3 Nbc6 7. O-O O-O 8. a3 d6
9. Rb1 a5 10. Ne1 f5 11. Nc2 Kh8 12. Ne3 Nd4 13. Ned5 Nxd5 14. Nxd5 Rb8 15. e3
Nc6 16. b4 Be6 17. Bd2 axb4 18. axb4 b6 19. b5 Ne7 20. Ra1 e4 21. Bc3 Nxd5 22.
Bxg7+ Kxg7 23. cxd5 Bxd5 24. dxe4 Bxe4 25. Bxe4 fxe4 26. Ra7+ Rf7 27. Rxf7+ Kxf7
28. Qd5+ Kg7 29. Qxe4 Qf6 30. Rd1 Rf8 31. Rd2 Qa1+ 32. Kg2 Qe1 33. Qe7+ Rf7 34.
Qxd6 c4 35. Qd4+ Kg8 36. Ra2 Re7 37. Qxc4+ Kf8 38. Ra8+ Kg7 39. Qg8+ Kf6 40. Qf8+
Ke6 41. Qc8+ Kf6 42. Qc6+ Kg7 43. Qc4 Rf7 44. Qd4+ Kh6 45. Qh4+ Kg7 46. Qd4+ Kh6
47. Qh4+ Kg7 48. Qd4+ Kh6 49. Ra2 Qb1 50. Rd2 Qf5 51. Qh4+ Kg7 52. Qd4+ Kh6 53.
Qh4+ Kg7 54. Qd4+ Kg8 55. Qd8+ Kg7 56. Qd4+ Kg8 57. Qxb6 Qe4+ 58. Kg1 Qb1+ 59.
Kg2 Qe4+ 60. Kg1 Qb1+ 61. Kg2 Qe4+ 62. Kg1 Qb1+ 63. Kg2 Qe4+ 64. Kf1 Qb1+ 65.
Kg2 Qe4+ 66. Kg1 Qb1+ 67. Kg2 Qe4+ 68. Kg1 Qb1+ 69. Kg2 Qe4+ 1/2-1/2

[Event "Miedzynarodowy Memorial Ireny Warakomskiej (Turniej Blitza)"]
[Site "Suwalki"]
[Date "2017-08-16"]
[Round "6.12"]
[White "Zaika, Daniil"]
[Black "Okrucinski, Tadeusz"]
[Result "0-1"]
[WhiteTitle ""]
[BlackTitle ""]
[WhiteElo "1941"]
[BlackElo "2149"]

1. d4 d5 2. Nf3 Nf6 3. Bf4 e6 4. e3 c5 5. c3 Qb6 6. Qb3 Qxb3 7. axb3 Bd7 8. Nbd2
Nc6 9. Bd3 cxd4 10. exd4 Be7 11. b4 Nh5 12. Be3 f5 13. b5 Nd8 14. g3 Nf7 15. Ne5
Nf6 16. Ndf3 Nd6 17. Nxd7 Nxd7 18. Ne5 Bf6 19. f4 Nb6 20. b3 Ne4 21. c4 dxc4 22.
bxc4 O-O-O 23. Bxe4 fxe4 24. Nf7 Nxc4 25. Nxd8 Nxe3 26. Nf7 Nc2+ 27. Ke2 Nxa1
28. Nxh8 Bxd4 29. Rc1+ Kd7 30. Nf7 Nb3 31. Rc4 a5 32. bxa6 bxa6 33. Ng5 Kd6 34.
Ra4 a5 35. Nxe4+ Kd5 36. Nd2 Nxd2 37. Rxa5+ Ke4 38. Kxd2 Bg1 39. Rh5 h6 40. Ke2
Bd4 41. Rb5 Bg1 42. Rh5 Bd4 43. h3 Bf6 44. Rb5 e5 45. Rb4+ Kf5 46. fxe5 Bxe5 47.
Kf3 h5 48. Rb5 Kf6 49. h4 Kf5 50. Ra5 g6 51. Rb5 Kf6 52. g4 Ke6 53. gxh5 gxh5
54. Ke4 Bg3 55. Rxh5 Kf6 56. Kf3 Be1 57. Kg4 Kg6 58. Rc5 Kf6 59. Rc6+ Kg7 60.
h5 Bd2 61. Kf5 Kh7 62. Rd6 Bc1 63. Rg6 Bd2 64. Ke6 Bc1 65. Kf7 Bd2 66. Rd6 Be3
67. Re6 Bc1 68. h6 0-1

[Event "Miedzynarodowy Memorial Ireny Warakomskiej (Turniej Blitza)"]
[Site "Suwalki"]
[Date "2017-08-16"]
[Round "6.13"]
[White "Paprocki, Jaroslaw "]
[Black "Tarnowska, Aleksandra"]
[Result "1-0"]
[WhiteTitle ""]
[BlackTitle ""]
[WhiteElo "2101"]
[BlackElo "1774"]

1. d4 d5 2. Nf3 Nf6 3. c4 e6 4. Nc3 Be7 5. Bf4 c6 6. e3 O-O 7. Qc2 Nbd7 8. a3 b6
9. Bd3 Bb7 10. cxd5 exd5 11. O-O Rc8 12. Bf5 g6 13. Bh3 Re8 14. Ne5 Ra8 15. b4
Nxe5 16. Bxe5 Nd7 17. Bf4 Bf8 18. Rfc1 Bg7 19. Ne2 Ba6 20. Ng3 Bc4 21. a4 a6 22.
Nf1 Nf6 23. Be5 Ne4 24. Bxg7 Kxg7 25. g3 Ng5 26. Bg2 Bxf1 27. Kxf1 Rc8 28. Qd3
b5 29. axb5 cxb5 30. Rc5 Rxc5 31. dxc5 Qe7 32. Rxa6 Kg8 33. h4 Ne6 34. Qxb5 d4
35. Qc6 dxe3 36. fxe3 Nd8 37. Qf3 Qe5 38. Ra8 Qe7 39. Qd5 Rf8 40. Kf2 Qf6+ 41.
Qf3 Qb2+ 42. Kg1 Qxb4 43. c6 Qb1+ 44. Kh2 Qb6 45. Rc8 h6 46. h5 g5 47. Qe4 Qb5
48. c7 Ne6 49. Rxf8+ 1-0

[Event "Miedzynarodowy Memorial Ireny Warakomskiej (Turniej Blitza)"]
[Site "Suwalki"]
[Date "2017-08-16"]
[Round "6.14"]
[White "Kyrychenko, Maryan "]
[Black "Zgadzaj, Rafal "]
[Result "1-0"]
[WhiteTitle ""]
[BlackTitle ""]
[WhiteElo "2060"]
[BlackElo "2040"]

1. e4 d6 2. d4 Nf6 3. Nc3 g6 4. Be3 a6 5. h3 h5 6. Qd2 Nbd7 7. f4 b5 8. e5 Ng8
9. a3 e6 10. O-O-O Ne7 11. Nf3 Bb7 12. Be2 Nf5 13. g4 Nxe3 14. Qxe3 Bg7 15. Kb1
Qe7 16. Rhe1 d5 17. f5 gxf5 18. gxf5 exf5 19. Qf4 Bh6 20. Qxf5 Qe6 21. Qxh5 O-O-O
22. Ng5 Bxg5 23. Qxg5 Qxh3 24. Rf1 Rdg8 25. Qe7 Re8 26. Qxf7 Bc6 27. Qg6 Kb7 28.
Bg4 Qg2 29. Rg1 Qh2 30. Bxd7 Bxd7 31. Qg2 Qxg2 32. Rxg2 Be6 33. Rdg1 Kb6 34. Rg6
c5 35. Nxd5+ Kc6 36. Nf4 Kd7 37. d5 Bf5 38. Rxa6 Rxe5 39. Rg7+ Kd8 40. Ra8+ Bc8
41. Ne6+ Rxe6 42. dxe6 Re8 43. e7+ Kd7 44. Ra7+ Ke6 45. Rg6+ Kf7 46. Rc6 Be6 47.
Rxc5 Rh8 48. b3 Rh1+ 49. Kb2 Rh8 50. Re5 Rc8 51. e8=Q+ Kxe8 52. Rxe6+ Kd8 53.
Rh6 1-0

[Event "Miedzynarodowy Memorial Ireny Warakomskiej (Turniej Blitza)"]
[Site "Suwalki"]
[Date "2017-08-16"]
[Round "6.15"]
[White "Volkov, Aleksandr"]
[Black "Krzywda, Andrzej "]
[Result "0-1"]
[WhiteTitle ""]
[BlackTitle ""]
[WhiteElo "1544"]
[BlackElo "2047"]

1. e4 c5 2. f4 Nc6 3. Nf3 g6 4. Bc4 Bg7 5. d3 e6 6. a3 Nge7 7. O-O O-O 8. Kh1 d5
9. exd5 exd5 10. Ba2 Nf5 11. c3 Re8 12. d4 cxd4 13. cxd4 Ncxd4 14. Nxd4 Nxd4 15.
Bd2 Bf5 16. Nc3 Nc2 17. Rc1 d4 18. Rxc2 Bxc2 19. Qxc2 dxc3 20. Bxc3 Bxc3 21. bxc3
Qf6 22. f5 Rac8 23. fxg6 Qxf1# 0-1

[Event "Miedzynarodowy Memorial Ireny Warakomskiej (Turniej Blitza)"]
[Site "Suwalki"]
[Date "2017-08-16"]
[Round "6.16"]
[White "Wozniak, Mariola "]
[Black "Semczuk, Jerzy "]
[Result "1-0"]
[WhiteTitle ""]
[BlackTitle ""]
[WhiteElo "2045"]
[BlackElo "1872"]

1. e4 c5 2. Nf3 d6 3. d4 cxd4 4. Nxd4 Nf6 5. Nc3 a6 6. Be2 e5 7. Nb3 Be6 8. O-O
Be7 9. Qd3 d5 10. exd5 Nxd5 11. Nxd5 Qxd5 12. Qg3 O-O 13. Rd1 Qe4 14. Bf3 Qxc2
15. Be3 e4 16. Rac1 Qxb2 17. Bd4 Qxd4 18. Nxd4 exf3 19. Qxf3 Nc6 20. Nxe6 fxe6
21. Qe4 e5 22. Rd7 Bf6 23. Rxb7 Nd4 24. Rcc7 Rac8 25. Qd5+ Kh8 26. Rxc8 Rxc8 27.
Rc7 Rd8 28. Qc4 Nb5 29. Rc8 Nd6 30. Rxd8+ Bxd8 31. Qe6 Bc7 32. Qe7 h6 33. Qxc7
Nf5 1-0

[Event "Miedzynarodowy Memorial Ireny Warakomskiej (Turniej Blitza)"]
[Site "Suwalki"]
[Date "2017-08-16"]
[Round "6.17"]
[White "Janiszewski, Maciej"]
[Black "Matuszczyk, Mateusz"]
[Result "0-1"]
[WhiteTitle ""]
[BlackTitle ""]
[WhiteElo "1968"]
[BlackElo "1666"]

1. Nf3 e6 2. c4 d5 3. d4 Nf6 4. g3 Be7 5. Bg2 O-O 6. O-O c6 7. Qc2 Nbd7 8. Rd1
Ne4 9. Nfd2 Ndf6 10. Nxe4 Nxe4 11. Bxe4 dxe4 12. Qxe4 Bf6 13. Nc3 Qb6 14. b3 Rd8
15. Bb2 Rxd4 16. Na4 Rxd1+ 17. Rxd1 Qa5 18. Bxf6 gxf6 19. c5 e5 20. Qh4 Kg7 21.
Rd6 Be6 22. Qe4 Qe1+ 23. Kg2 Bd5 24. Rxd5 cxd5 25. Qxd5 Qxe2 26. Qxb7 Rd8 27.
Nc3 Qc2 28. Qf3 f5 29. Na4 Rd2 30. c6 e4 31. Qxf5 Qxc6 32. Qg5+ Kf8 33. Qxd2 e3+
0-1

[Event "Miedzynarodowy Memorial Ireny Warakomskiej (Turniej Blitza)"]
[Site "Suwalki"]
[Date "2017-08-16"]
[Round "6.18"]
[White "Slezinski, Nikodem "]
[Black "Karlov, Egor "]
[Result "0-1"]
[WhiteTitle ""]
[BlackTitle ""]
[WhiteElo "1936"]
[BlackElo "1538"]

1. e4 e6 2. d4 d5 3. Bd3 dxe4 4. Bxe4 Nf6 5. Bf3 Bd6 6. Ne2 O-O 7. O-O c6 8. c4
Nbd7 9. Nbc3 Qe7 10. Bg5 h6 11. Bh4 Qd8 12. d5 cxd5 13. cxd5 exd5 14. Nxd5 Be7
15. Nxe7+ Qxe7 16. Re1 Qb4 17. Qd4 Qb5 18. a4 Qf5 19. Nc3 Nc5 20. Qe5 Nd3 21.
Qxf5 Bxf5 22. Re2 Nd7 23. Nd5 Be6 24. Nc7 Rac8 25. Nxe6 fxe6 26. Rd1 N7e5 27.
Be4 Nc1 28. Rc2 Rxc2 29. Bxc2 Ne2+ 30. Bb3 0-1

[Event "Miedzynarodowy Memorial Ireny Warakomskiej (Turniej Blitza)"]
[Site "Suwalki"]
[Date "2017-08-16"]
[Round "6.19"]
[White "Tylenda, Krzysztof "]
[Black "Budnik, Mateusz"]
[Result "1-0"]
[WhiteTitle ""]
[BlackTitle ""]
[WhiteElo "1688"]
[BlackElo "1924"]

1. e4 c5 2. Nc3 a6 3. g3 b5 4. Bg2 Bb7 5. d3 e6 6. Be3 Nf6 7. f4 d5 8. exd5 exd5
9. d4 c4 10. Nf3 Bb4 11. O-O O-O 12. Qd2 Ne4 13. Qe1 Re8 14. a3 Ba5 15. Ng5 Nxg5
16. fxg5 Nd7 17. Qf2 f6 18. Bxd5+ Bxd5 19. Nxd5 fxg5 20. c3 Ne5 21. dxe5 Qxd5
22. Rad1 Qxe5 23. Qf7+ Kh8 24. Bd4 Bb6 25. Bxb6 Rg8 26. Bd4 Qe4 27. Rde1 Qc2 28.
Re7 Qg6 29. Qxg6 hxg6 30. Rff7 1-0

[Event "Miedzynarodowy Memorial Ireny Warakomskiej (Turniej Blitza)"]
[Site "Suwalki"]
[Date "2017-08-16"]
[Round "6.20"]
[White "Mecelica, Erikas "]
[Black "Kaniak, Justyna"]
[Result "0-1"]
[WhiteTitle ""]
[BlackTitle ""]
[WhiteElo "1630"]
[BlackElo "1901"]

1. e4 e5 2. Nf3 Nc6 3. Bc4 Bc5 4. d3 Nf6 5. Be3 Bb6 6. Nc3 O-O 7. h3 d6 8. O-O
Be6 9. Bb3 Qd7 10. Kh2 Rad8 11. Nd5 Bxd5 12. exd5 Ne7 13. c4 Ng6 14. Nd2 Qf5 15.
Bxb6 axb6 16. f3 Qxd3 17. Bc2 Qd4 18. Qe2 Qxb2 19. Bd3 Nf4 20. Qe3 Ra8 21. Rfb1
Qc3 22. Bxh7+ Kxh7 23. Qxc3 Kg8 24. Ne4 N6h5 25. g3 Ne2 26. Qd3 Nd4 27. Rf1 f5
28. Nd2 f4 29. g4 Ng3 30. Rf2 Ra4 31. Ne4 Rfa8 32. Nxg3 fxg3+ 33. Kxg3 Ra3 34.
Qd1 Rf8 35. h4 Rc3 36. Rc1 Ra3 37. h5 Rf4 38. Qh1 0-1

[Event "Miedzynarodowy Memorial Ireny Warakomskiej (Turniej Blitza)"]
[Site "Suwalki"]
[Date "2017-08-16"]
[Round "7.1"]
[White "Lewtak, Damian "]
[Black "Bilguun, Sumiya"]
[Result "1-0"]
[WhiteTitle ""]
[BlackTitle ""]
[WhiteElo "2275"]
[BlackElo "2527"]

1. d4 d5 2. c4 e6 3. g3 Nf6 4. Bg2 dxc4 5. Qa4+ Bd7 6. Qxc4 Bc6 7. Nf3 a5 8. Nc3
Be7 9. O-O O-O 10. Re1 Ne4 11. Qd3 Nf6 12. e4 b6 13. Bg5 Nbd7 14. Rad1 Bb7 15.
Qe2 h6 16. Bf4 Qc8 17. Ne5 Nxe5 18. Bxe5 Rd8 19. h4 c5 20. d5 exd5 21. exd5 Re8
22. Qd2 Nd7 23. Bf4 Bf6 24. Nb5 Be5 25. Bxe5 Rxe5 26. Nd6 Qc7 27. Nxb7 Rxe1+ 28.
Rxe1 Nf6 29. d6 Qd7 30. Nxc5 1-0